000 nam a22 a 4500
999 _c106980
_d106980
003 BLK
005 20221212154854.0
008 180409b bul|||||r ||||||| ||bul||
010 _aKNG00112253000
040 _aBLK
041 _aBUL
_cBUL
080 _aНемска литература
_b821.112.2
_x-31
_z821.112.2-31
100 1 _aРемарк, Ерих Мария
_eпърви автор
_gРемарк, Ерих Паул
_9257978
139 _aРемарк, Ерих Мария
_bР 51
245 1 0 _aНощ в Лисабон
_bРоман
_cЕрих Мария Ремарк; прев. от нем. Донка Любенова Илинова.
257 _aDEU
260 _aВарна
_bГеорги Бакалов
_c1981
300 _a220 с.
_c20 см
380 _aX
490 _aБиблиотека Океан
_v25
_9205245
500 _aОриг. загл. Die Nacht von Lissabon. - 100 150 тир.
700 1 _aИлинова, Донка Любенова
_eпрев. от нем.
_9368710
852 _aЦб 109450
_bЦб
856 4 _qpdf
_i0.00
_ldisable
856 4 _qpdf
_i0.00
_ldisable
942 _cKNG
_n0
_02
_s1
944 _aCR
_c17.11.2016
_kСевдалина_Василева
944 _aED
_c17.11.2016
_kСевдалина_Василева
999 _d106980